[Event "Mecklenburg VP LL2 West 1617"]
[Site "Mecklenburg VP"]
[Date "2016.10.19"]
[Round "1.8"]
[White "Fitz, Baldur"]
[Black "Roskot, Owen"]
[Result "1-0"]
[WhiteElo "1484"]
[BlackElo "1137"]
[PlyCount "85"]
[EventDate "2016.10.16"]
[EventType "team-tourn"]
[EventRounds "9"]
[EventCountry "GER"]
[SourceTitle "EXT 2022"]
[Source "ChessBase"]
[SourceDate "2021.10.06"]
[SourceVersion "1"]
[SourceVersionDate "2021.10.06"]
[SourceQuality "1"]
[WhiteTeam "Ludwigslust VT 2000 II"]
[BlackTeam "Putlitz Pritzwalk"]
[WhiteTeamCountry "GER"]
[BlackTeamCountry "GER"]

1. d4 d5 2. c4 e6 3. cxd5 exd5 4. Nc3 Nf6 5. Nf3 Bd6 6. Bg5 h6 7. Bxf6 Qxf6 8. Nxd5 Qe6 9. Nc3 0-0 10. e3 a6 11. Qc2 Nc6 12. a3 Qe7 13. Be2 b5 14. Nxb5 axb5 15. Qxc6 Bd7 16. Qc1 Ra7 17. 0-0 c6 18. b4 Rfa8 19. Qb2 Bc7 20. Ne5 Qd6 21. f4 f6 22. Nxd7 Qxd7 23. Qb3+ Kf8 24. Bf3 Ra6 25. Rfd1 Qe8 26. g3 Qe7 27. Bg2 Qd7 28. d5 cxd5 29. Rxd5 Qe7 30. Rxb5 Rd8 31. Qc3 Rad6 32. Re1 Qe8 33. Qc5 Qg6 34. Qxc7 Qf7 35. Qxf7+ Kxf7 36. Rb7+ Kf8 37. a4 h5 38. b5 Ra8 39. a5 Rdd8 40. a6 g6 41. a7 Kg8 42. Rb8 Rdxb8 43. axb8Q+ 1-0

[Event "Mecklenburg VP-ch U25"]
[Site "Malchow"]
[Date "2015.02.??"]
[Round "1.3"]
[White "Mauser, Tassilo Tino"]
[Black "Roskot, Owen"]
[Result "1-0"]
[WhiteElo "1885"]
[BlackElo "1040"]
[PlyCount "41"]
[EventDate "2015.02.04"]
[EventType "swiss"]
[EventRounds "7"]
[EventCountry "GER"]
[SourceTitle "EXT 2022"]
[Source "ChessBase"]
[SourceDate "2021.10.06"]
[SourceVersion "1"]
[SourceVersionDate "2021.10.06"]
[SourceQuality "1"]

1. e4 e5 2. Nf3 Nc6 3. d4 Nf6 4. Nxe5 Nxe5 5. dxe5 Nxe4 6. Qd5 Ng5 7. Bc4 Ne6 8. 0-0 Bc5 9. Nc3 0-0 10. Kh1 d6 11. f4 dxe5 12. Qxe5 Bd6 13. Qe4 Re8 14. f5 Nf4 15. Bxf7+ Kxf7 16. Qc4+ Kf8 17. Bxf4 Qe7 18. f6 gxf6 19. Bh6+ Qg7 20. Rxf6+ Ke7 21. Bxg7 1-0

[Event "Mecklenburg VP-ch U25"]
[Site "Malchow"]
[Date "2015.02.??"]
[Round "2.10"]
[White "Roskot, Owen"]
[Black "Nitzke, Lukas"]
[Result "1-0"]
[WhiteElo "1040"]
[BlackElo "854"]
[PlyCount "65"]
[EventDate "2015.02.04"]
[EventType "swiss"]
[EventRounds "7"]
[EventCountry "GER"]
[SourceTitle "EXT 2022"]
[Source "ChessBase"]
[SourceDate "2021.10.06"]
[SourceVersion "1"]
[SourceVersionDate "2021.10.06"]
[SourceQuality "1"]

1. e4 c5 2. Nf3 d6 3. Bc4 g6 4. Ng5 Nh6 5. b3 Bg7 6. Nc3 Nc6 7. Qf3 0-0 8. 0-0 Bg4 9. Qf4 Be5 10. Qe3 e6 11. Rb1 Bf6 12. Nh3 Nb4 13. Qxh6 d5 14. Bd3 d4 15. Nb5 Nxa2 16. Ba3 a6 17. Ra1 Nb4 18. e5 Bxe5 19. Ng5 Qxg5 20. Qxg5 Bg7 21. Qxg4 axb5 22. Bxb4 cxb4 23. Rxa8 Rxa8 24. Bxb5 Ra2 25. Rc1 Bh6 26. Qxd4 b6 27. Qxb4 Bf8 28. Qd4 Bc5 29. Qe5 Ba3 30. Ra1 Rxc2 31. Rxa3 Rc1+ 32. Bf1 Rd1 33. Ra8# 1-0